[Event "ROM-ch U12 Girls"]
[Site "Calimanesti"]
[Date "2015.04.05"]
[Round "8"]
[White "Pirvu, Andreea"]
[Black "Ciocan, Ana Catalina"]
[Result "1-0"]
[WhiteElo "1173"]
[BlackElo "1009"]
[PlyCount "53"]
[EventDate "2015.03.30"]
[EventType "swiss"]
[EventRounds "9"]
[EventCountry "ROU"]
[SourceTitle "CBM 165 Extra"]
[Source "ChessBase"]
[SourceDate "2015.04.21"]
[SourceVersion "1"]
[SourceVersionDate "2015.04.21"]
[SourceQuality "1"]

1. d4 d5 2. Nf3 Nf6 3. e3 Bf5 4. Nbd2 c6 5. Bd3 Bxd3 6. cxd3 Nbd7 7. e4 e6 8. 0-0 Bd6 9. e5 Qe7 10. exd6 Qxd6 11. Re1 0-0 12. Ne5 Rad8 13. Ndf3 h6 14. Bf4 g5 15. Bg3 Rfe8 16. Nxf7 Qe7 17. Nxd8 Rxd8 18. Ne5 Nxe5 19. dxe5 Nh7 20. Qh5 Qf8 21. Qg6+ Kh8 22. Qxe6 Re8 23. Qg6 b5 24. e6 Qe7 25. Be5+ Nf6 26. Bxf6+ Qxf6 27. Qxf6+ 1-0

[Event "ROM-ch U12 Girls"]
[Site "Calimanesti"]
[Date "2015.04.01"]
[Round "3"]
[White "Ciocan, Ana Catalina"]
[Black "Marina, Raluca Ioana"]
[Result "1/2-1/2"]
[WhiteElo "1009"]
[BlackElo "1256"]
[PlyCount "38"]
[EventDate "2015.03.30"]
[EventType "swiss"]
[EventRounds "9"]
[EventCountry "ROU"]
[SourceTitle "CBM 165 Extra"]
[Source "ChessBase"]
[SourceDate "2015.04.21"]
[SourceVersion "1"]
[SourceVersionDate "2015.04.21"]
[SourceQuality "1"]

1. e4 c5 2. Nf3 Nc6 3. d4 cxd4 4. Nxd4 g6 5. Nc3 Bg7 6. Be3 Nf6 7. Bb5 0-0 8. 0-0 a6 9. Bc4 Nxe4 10. Qd3 Nxc3 11. bxc3 Ne5 12. Qe2 d6 13. h3 Bd7 14. Rab1 b5 15. Bd5 Rb8 16. Qd2 e6 17. Bb3 Re8 18. Qe1 a5 19. a3 Qc7 1/2-1/2